Swedish Liberal leaders - Statistics

General Stats
  • This quiz has been taken 7 times
  • The average score is 6 of 18
Answer Stats
Year Answer % Correct
1935-1944 Gustaf Andersson
67%
2022- Johan Pehrson
67%
1983-1995 Bengt Westerberg
33%
1944-1967 Bertil Ohlin
33%
1915-1918 Daniel Persson
33%
1932-1935 Felix Hamrin
33%
2007-2019 Jan Björklund
33%
1905-1915 Karl Staaff
33%
1997-2007 Lars Leijonborg
33%
1995-1997 Maria Leissner
33%
1918-1924 Nils Edén
33%
2019-2022 Nyamko Sabuni
33%
1978-1983 Ola Ullsten
33%
1975-1978 Per Ahlmark
33%
1900-1905 Sixten von Friesen
33%
1967-1969 Sven Wedén
33%
1924-1932 Carl Gustaf Ekman
0%
1969-1975 Gunnar Helén
0%
No matching quizzes found
Score Distribution
Percent of People with Each Score
Percentile by Number Answered
Your Score History
You have not taken this quiz